| 000 | 00800nac a22002171u 4500 | ||
|---|---|---|---|
| 010 | _a 86009785 | ||
| 020 | _a0891162860 : | ||
| 082 | 0 | 0 |
_a621.40220151 _bJAL |
| 090 |
_c6482 _d6482 |
||
| 100 | _aJaluria, Yogesh. | ||
| 245 | 1 | 0 |
_aComputational heat transfer / _cYogesh Jaluria, Kenneth E. Torrance. |
| 260 |
_aWashington, D.C. : _bHemisphere Pub. Corp.,1986 _cc1986. |
||
| 300 |
_axiii, 366 p. : _bill. ; _c25 cm. |
||
| 440 | 0 | _aSeries in computational methods in mechanics and thermal sciences, | |
| 500 | _adistributer: Al-Ahram | ||
| 504 | _aIncludes bibliographies and index. | ||
| 511 | _acatalogued by: wessam | ||
| 650 | 0 |
_aHeat _xTransmission _xMathematics. |
|
| 700 | 1 |
_aTorrance, K. E. _q(Kenneth E.), _d1940- |
|
| 942 |
_cBB _k621.40220151JAL |
||
| 999 |
_c6482 _d6482 |
||